000 00450nam a22001577a 4500
003 BD-DhUL
005 20161123134643.0
008 161123s1937 ii ||||| |||| 00| 0 eng
040 _aBD-DhUL
_cBD-DhUL
082 _a294.03
_bDHA
245 0 0 _aDharmakosa :
_bVyavaharakanda; Vol.1 /
_cLaxmanshastri Joshi
260 _aIndia :
_bPrajuapathashala Mandal ( satara) :
_c1937
300 _av. 1
700 1 _aJoshi, Laxmanshastri
_eed.
942 _2ddc
_cBK
999 _c128208
_d128208